| 000 | 00923cam a2200313 i 4500 | ||
|---|---|---|---|
| 003 | EG-GICUC | ||
| 005 | 20260203105530.0 | ||
| 008 | 931222s1993 mau b 001 0 eng d | ||
| 020 | _a0316457698 | ||
| 020 | _a9780316457699 | ||
| 040 |
_aDLC _cDLC _dDLC _dEG-GICUC _beng _erda |
||
| 050 | 0 | 0 |
_aKZ3140 _b.J36 1993 |
| 082 | 0 | 0 |
_a341 _221 |
| 092 | 0 | 4 | _221 |
| 099 | _aLaw 11 1995 | ||
| 100 | 1 | _aJanis, Mark W. | |
| 245 | 1 | 3 |
_aAn introduction to international law / _cMark W. Janis. |
| 250 | _a2nd edition. | ||
| 264 |
_aBoston : _bLittle, Brown, _c1993. |
||
| 300 |
_axvii, 390 pages ; _c23 cm. |
||
| 336 |
_atext _2rdacontent |
||
| 337 |
_aComputer _2rdamedia |
||
| 338 |
_aOnline Resource _2rdacarrier |
||
| 504 | _aIncludes bibliographical references and index. | ||
| 650 | 0 | _aInternational law. | |
| 856 | 4 | 0 | _uhttps://fll.law.cu.edu.eg/fulltext/bks/ENGB11-00115.pdf |
| 905 | _a10 | ||
| 942 |
_2ddc _cBK _e21 _n0 |
||
| 999 |
_c60454 _d60454 |
||